Anteproyecto de urbanización de mediano ingreso en la ciudad de San Marcos Carazo
Presenta anteproyecto de urbanización y vivienda de mediano ingreso en la ciudad de San Marcos, contiene un diagnóstico compuesto por un estudio urbano del sector circulante y análisis del sitio del proyecto, además el diseño de vivienda de mediano ingreso.
| Main Authors: | , |
|---|---|
| Other Authors: | |
| Format: | Tesis Section = Libro |
| Language: | Undetermined Spanish |
| Published: |
Managua
UNI
2011
|
| Subjects: |
| LEADER | 01124nam a2200265Ia 4500 | ||
|---|---|---|---|
| 008 | 240830s9999 xx 000 0 und d | ||
| 040 | |a BIBLIOTECA-RUSB/ Mon 728.1 C355 | ||
| 041 | |a spa | ||
| 082 | |a Mon 728.1 C355 | ||
| 100 | 1 | |a Castro Prado, Meyling Larisa | |
| 100 | 1 | |b Guido Reyes, Víctor Manuel | |
| 245 | 1 | 0 | |a Anteproyecto de urbanización de mediano ingreso en la ciudad de San Marcos Carazo |
| 260 | |a Managua |b UNI |c 2011 | ||
| 300 | |a 95 p. :il. | ||
| 500 | |a Contiene: anexos e Incluye: CD. | ||
| 502 | |a Tesis (Arquitecto) - UNI, 2011. | ||
| 520 | 3 | |a Presenta anteproyecto de urbanización y vivienda de mediano ingreso en la ciudad de San Marcos, contiene un diagnóstico compuesto por un estudio urbano del sector circulante y análisis del sitio del proyecto, además el diseño de vivienda de mediano ingreso. | |
| 650 | 7 | |a VIVIENDAS ECONOMICAS | |
| 650 | 7 | |b VIVIENDAS DE BAJO COSTO | |
| 650 | 7 | |c construcción ARQUITECTONICA - VIVIENDAS | |
| 650 | 7 | |d ARQUITECTURA - DISEÑO Y PLANOS | |
| 700 | 1 | |a Tutor: |b Herrera Montenegro, Juan Francisco | |
| 942 | |c BK |2 ddc | ||
| 991 | |a TESIS | ||
| 999 | |c 21451 | ||